| 000 | 01486nam0a2200373 4500 | ||
|---|---|---|---|
| 001 | RU\NLR\BIBL_A\022583381 | ||
| 005 | 20250926091147.0 | ||
| 010 |
_a978-5-6048772-8-9 _9150 |
||
| 021 |
_aRU _bКН-П-25-027740 _9КН-П-25-2748 |
||
| 035 | _a(NLR Aleph) 022583381 | ||
| 090 |
_a13461651 _c13461651 |
||
| 100 | _a20250710d2023 u y0rusy50 ca | ||
| 101 | 0 |
_arus _atgl |
|
| 102 | _aRU | ||
| 105 | _ay ej 000yy | ||
| 181 | 0 |
_ai4 _baxxe |
|
| 182 | 0 | _an | |
| 200 | 1 |
_aУчебный русско-тагальский (филипино) словарь _fЕ. Г. Фролова, Е. А. Бакланова |
|
| 203 |
_aТекст _bвизуальный _cнепосредственный |
||
| 210 |
_aМосква _cКлюч-С _d2023 |
||
| 215 |
_a158 с. _d21 см. |
||
| 320 | _aБиблиогр.: с. 8-9 | ||
| 606 | 1 |
_aРусский язык _xСловари _xТагальский язык _2nlr_sh2 _3RU\NLR\AUTH\6601758131 |
|
| 686 | 1 | _aШ141.12-491пер | |
| 686 | 1 | _aШ179.125.11-491пер | |
| 700 | 1 |
_aФролова _bЕ. Г. _cканд. филол. наук _gЕлена Геннадьевна _3RU\NLR\AUTH\770217987 _4070 |
|
| 701 | 1 |
_aБакланова _bЕ. А. _gЕкатерина Александровна _4070 |
|
| 852 |
_aNLR _bОЛСАА-индонез _j3-291 |
||
| 942 | _cBOOK | ||
| 980 | 1 | _aINDZ | |
| 980 | _aNB | ||